Government construction strategy (Record no. 120963)

MARC details
000 -LEADER
fixed length control field 01077cad a22002055a 4500
001 - CONTROL NUMBER
control field L155137
008 - FIXED-LENGTH DATA ELEMENTS--GENERAL INFORMATION
fixed length control field 120306u2012 xxk g 000 0 eng d
035 ## - SYSTEM CONTROL NUMBER
System control number (Sirsi) u155137
041 0# - LANGUAGE CODE
Language code of text/sound track or separate title eng
110 2# - MAIN ENTRY--CORPORATE NAME
Corporate name or jurisdiction name as entry element United Kingdom
Subordinate unit Cabinet Office
9 (RLIN) 5270
245 00 - TITLE STATEMENT
Title Government construction strategy
Remainder of title interim report of the procurement/lean client task group
-- January 2012
Medium [electronic resource]
520 ## - SUMMARY, ETC.
Summary, etc. This report is intended to illustrate the work carried out to date by the Procurement/Lean Client Process Task Group, confirming the current direction of travel and next steps to be implemented over the coming months; RICS involvement.
590 ## - LOCAL NOTE (RLIN)
Local note KA NTK
651 #4 - SUBJECT ADDED ENTRY--GEOGRAPHIC NAME
Geographic name United Kingdom
Chronological subdivision
690 ## - LOCAL SUBJECT ADDED ENTRY--TOPICAL TERM (OCLC, RLIN)
Topical term or geographic name as entry element Construction management
9 (RLIN) 6230
690 ## - LOCAL SUBJECT ADDED ENTRY--TOPICAL TERM (OCLC, RLIN)
Topical term or geographic name as entry element Cost management
9 (RLIN) 6233
690 ## - LOCAL SUBJECT ADDED ENTRY--TOPICAL TERM (OCLC, RLIN)
Topical term or geographic name as entry element Procurement
9 (RLIN) 6260
856 40 - ELECTRONIC LOCATION AND ACCESS
Uniform Resource Identifier <a href="https://webarchive.nationalarchives.gov.uk/20130128101412/http://www.cabinetoffice.gov.uk/sites/default/files/resources/Procurement%20Lean%20Client%20Group%20Report%20Jan%202012_0.pdf">https://webarchive.nationalarchives.gov.uk/20130128101412/http://www.cabinetoffice.gov.uk/sites/default/files/resources/Procurement%20Lean%20Client%20Group%20Report%20Jan%202012_0.pdf</a>
Public note View the interim report free of charge at www.gov.uk
942 ## - ADDED ENTRY ELEMENTS (KOHA)
Suppress in OPAC 0
Holdings
Withdrawn status Lost status Source of classification or shelving scheme Damaged status Not for loan Home library Current library Shelving location Date acquired Total Checkouts Full call number Barcode Date last seen Copy number Price effective from Koha item type
    Dewey Decimal Classification     Virtual Virtual Online 06/03/2012   ONLINE PUBLICATION 155137-2001 06/08/2019 1 06/08/2019 Book